[Event "16th EUR-ch"]
[Site "Jerusalem ISR"]
[Date "2015.03.05"]
[Round "9"]
[White "Lukin, Elisha"]
[Black "Chazan, Yonatan"]
[Result "0-1"]
[WhiteElo "1721"]
[BlackElo "1961"]
[EventDate "2015.02.24"]
[PlyCount "92"]

1.d4 Nf6 2.c4 Nc6 3.Nf3 e6 4.Bg5 Bb4+ 5.Nc3 h6 6.Bxf6 Qxf6 7.e3 Bxc3+ 8.
bxc3 d6 9.Bd3 O-O 10.O-O e5 11.Nd2 Qe7 12.Qc2 f5 13.Rae1 b6 14.Nb3 a5 15.
Be2 a4 16.Nd2 Ra7 17.Bf3 Nd8 18.Rb1 Kh8 19.Rb4 Bd7 20.Nb1 Ne6 21.Na3 f4 
22.Nb5 Ra5 23.Rxa4 Rxa4 24.Qxa4 Ng5 25.Qd1 e4 26.exf4 exf3 27.fxg5 Qxg5 
28.g3 Qg4 29.Kh1 Qh3 30.Rg1 Qg4 31.Re1 Rf5 32.Re3 Qh3 33.Qg1 Bxb5 34.cxb5 
g5 35.Re1 g4 36.Qf1 Qxf1+ 37.Rxf1 Rxb5 38.h3 Rb2 39.Re1 Re2 40.Rc1 h5 41.
hxg4 hxg4 42.Kg1 Rxa2 43.Kf1 Kg7 44.Ke1 Re2+ 45.Kf1 Kf6 46.c4 Rd2 0-1

[Event "16th EUR-ch"]
[Site "Jerusalem ISR"]
[Date "2015.03.05"]
[Round "9"]
[White "Travinsky, Mark"]
[Black "Altshul, Limor"]
[Result "1/2-1/2"]
[WhiteElo "1958"]
[BlackElo "1887"]
[EventDate "2015.02.24"]
[PlyCount "100"]

1.c4 Nf6 2.Nc3 e6 3.Nf3 d5 4.d3 dxc4 5.Qa4+ Nc6 6.Qxc4 e5 7.Bg5 Be6 8.Qa4 
Bd7 9.Qd1 Be7 10.g3 O-O 11.Bg2 Be6 12.O-O h6 13.Bd2 Qd7 14.Re1 Ng4 15.h3 
Nf6 16.Kh2 Bc5 17.Rf1 Rad8 18.a3 Nd5 19.b4 Bd6 20.Ne4 f5 21.Nxd6 Qxd6 22.
Qc2 a6 23.Rfc1 f4 24.Qc5 fxg3+ 25.fxg3 Nf6 26.Qxd6 cxd6 27.Be3 e4 28.Nd4 
Bd5 29.dxe4 Nxd4 30.Bxd4 Nxe4 31.Bb6 Rde8 32.Rd1 Bc6 33.Rd4 d5 34.Rd3 Re6 
35.Ra2 Bb5 36.Bd4 Bc4 37.Rb2 b5 38.Re3 Rfe8 39.Bf3 Nf6 40.Rxe6 Rxe6 41.e3 
Kf7 42.Kg2 h5 43.Rf2 Ke7 44.Bd1 Ne4 45.Rf4 g6 46.g4 hxg4 47.Bxg4 Rc6 48.h4
Bd3 49.h5 Rc2+ 50.Kg1 Rc1+ 1/2-1/2

[Event "16th EUR-ch"]
[Site "Jerusalem ISR"]
[Date "2015.03.05"]
[Round "9"]
[White "Vaturi, Eden"]
[Black "Vardi, Shlomit"]
[Result "1/2-1/2"]
[WhiteElo "1798"]
[BlackElo "1945"]
[EventDate "2015.02.24"]
[PlyCount "118"]

1.c4 Nf6 2.Nc3 g6 3.g3 Bg7 4.Bg2 d6 5.e4 Nbd7 6.Nge2 e5 7.O-O O-O 8.d3 c6 
9.f4 Qb6+ 10.Kh1 Ng4 11.Qe1 Nc5 12.Qd2 f5 13.h3 Nf6 14.Qc2 fxe4 15.dxe4 
Be6 16.b3 Na6 17.Ba3 c5 18.f5 Bf7 19.g4 g5 20.Qd2 h6 21.Rad1 Rfd8 22.Ng1 
Rd7 23.Nf3 Qd8 24.Rf2 Nb4 25.Bc1 Nc6 26.Rdf1 Kf8 27.Qd1 Nd4 28.Nxg5 hxg5 
29.Bxg5 Qe8 30.Qd2 Kg8 31.Qe3 a6 32.Qg3 Nh7 33.Bh4 b5 34.g5 Nf8 35.g6 Nxg6
36.fxg6 Bxg6 37.Nd5 Ne6 38.Rf6 Kh7 39.Bg5 Rb8 40.h4 Kh8 41.Bh3 Bxe4+ 42.
Kh2 Bxd5 43.cxd5 Nf4 44.Bxd7 Qxd7 45.R6xf4 exf4 46.Bxf4 Rf8 47.Re1 Qf7 48.
Bxd6 Qf2+ 49.Qxf2 Rxf2+ 50.Kg3 Rd2 51.Bxc5 Rxd5 52.b4 Rd2 53.Re7 Kg8 54.a3
Rd3+ 55.Re3 Rxe3+ 56.Bxe3 Bb2 57.Bb6 Bxa3 58.Ba5 Kh7 59.Kf4 Kh6 1/2-1/2

[Event "16th EUR-ch"]
[Site "Jerusalem ISR"]
[Date "2015.03.05"]
[Round "9"]
[White "Chubar, Vladimir"]
[Black "Fainman, Tomer"]
[Result "1-0"]
[WhiteElo "2066"]
[BlackElo "1571"]
[EventDate "2015.02.24"]
[PlyCount "109"]

1.d4 d5 2.Nf3 Nf6 3.Bf4 Bf5 4.e3 c6 5.Bd3 Bxd3 6.Qxd3 e6 7.O-O Nbd7 8.h3 
Qb6 9.Nbd2 Be7 10.c4 c5 11.b3 O-O 12.e4 dxe4 13.Nxe4 Nxe4 14.Qxe4 Nf6 15.
dxc5 Bxc5 16.Qc2 Bd6 17.Bd2 h6 18.Bc3 Be7 19.Rad1 Rfd8 20.Qb2 Rxd1 21.Rxd1
Rd8 22.Rd4 Qc7 23.Qe2 Rxd4 24.Bxd4 Nd7 25.Qe4 a6 26.Be5 Nxe5 27.Nxe5 Bd6 
28.Nd3 Qd7 29.g3 f5 30.Qd4 Qc6 31.c5 Bc7 32.h4 Qe8 33.a4 a5 34.Kf1 Qc6 35.
Ke2 Kf7 36.Ke3 Qd5 37.Qxd5 exd5 38.Kd4 Ke6 39.h5 Bb8 40.Nf4+ Kf6 41.Nxd5+ 
Kg5 42.f4+ Kg4 43.Ne3+ Kxg3 44.Nxf5+ Kxf4 45.Nd6 b6 46.Nb7 bxc5+ 47.Kxc5 
Kg5 48.Nxa5 Kxh5 49.Nc6 g5 50.Nxb8 g4 51.Nc6 g3 52.Nd4 g2 53.Ne2 Kg4 54.
Kd4 Kf3 55.Kd3 1-0

[Event "16th EUR-ch"]
[Site "Jerusalem ISR"]
[Date "2015.03.05"]
[Round "9"]
[White "Belokopyt, Boris"]
[Black "Rave, Avraham"]
[Result "1/2-1/2"]
[WhiteElo "1956"]
[BlackElo "1824"]
[EventDate "2015.02.24"]
[PlyCount "65"]

1.e4 e5 2.Nf3 Nc6 3.Bc4 Bc5 4.c3 h6 5.O-O Nf6 6.d4 Bb6 7.dxe5 Ng4 8.Bf4 
Qe7 9.Qd5 f6 10.exf6 Nxf6 11.Qf5 d6 12.Qg6+ Kd8 13.Nbd2 Bd7 14.Qf7 Re8 15.
Rfe1 Ng4 16.Bg3 Nce5 17.Nxe5 Nxe5 18.Bxe5 dxe5 19.Qxe7+ Kxe7 20.h3 Rf8 21.
Nf3 Bxh3 22.Nxe5 Rxf2 23.gxh3 Rf5+ 24.Kh1 Rxe5 25.Rad1 c6 26.Rd2 Rf8 27.
Rg2 g5 28.Bb3 Rf3 29.Rh2 Be3 30.Bd1 Rg3 31.Bg4 Bf4 32.Rhe2 h5 33.Bf5 
1/2-1/2

[Event "16th EUR-ch"]
[Site "Jerusalem ISR"]
[Date "2015.03.05"]
[Round "9"]
[White "Or, Yochanan"]
[Black "Saadon, Netanel"]
[Result "1-0"]
[WhiteElo "1822"]
[BlackElo "1939"]
[EventDate "2015.02.24"]
[PlyCount "79"]

1.e4 c5 2.Nf3 e6 3.c3 Nf6 4.e5 Nd5 5.c4 Nb6 6.Nc3 d6 7.exd6 Bxd6 8.d3 O-O 
9.Nb5 Nc6 10.Be2 Nd4 11.Nfxd4 cxd4 12.Nxd6 Qxd6 13.O-O Rd8 14.Bd2 e5 15.
Rc1 Qg6 16.Ba5 Re8 17.Bf3 Nd7 18.c5 Nb8 19.Re1 Nc6 20.Bc7 Qg5 21.g3 Bh3 
22.Re4 f6 23.Rh4 Bf5 24.Rh5 Qg6 25.Rh4 Qf7 26.Bd6 Red8 27.Qf1 Rac8 28.Qg2 
Kh8 29.Be4 Qg6 30.a3 Bxe4 31.Rxe4 a5 32.Rf1 Re8 33.g4 Ne7 34.f4 Nd5 35.f5 
Qg5 36.Rf3 Ne3 37.Qg3 Red8 38.h4 Qh6 39.g5 Qh5 40.Be7 1-0

[Event "16th EUR-ch"]
[Site "Jerusalem ISR"]
[Date "2015.03.05"]
[Round "9"]
[White "Lukovski, Lev"]
[Black "Samarin, Leonid"]
[Result "1/2-1/2"]
[WhiteElo "1932"]
[BlackElo "1748"]
[EventDate "2015.02.24"]
[PlyCount "109"]

1.Nf3 Nf6 2.g3 g6 3.Bg2 Bg7 4.O-O O-O 5.c4 d5 6.cxd5 Nxd5 7.Nc3 c6 8.e4 
Nxc3 9.bxc3 e5 10.d3 Qa5 11.Qc2 Rd8 12.Bg5 f6 13.Be3 Be6 14.Rfd1 Nd7 15.a4
Nc5 16.Ra3 Bf8 17.Bc1 Rd7 18.c4 Rad8 19.Bd2 Qc7 20.Rc3 Nxd3 21.Be3 Nb4 22.
Rxd7 Qxd7 23.Qd2 Qc7 24.Qe2 Qa5 25.Rc1 Qxa4 26.Ne1 c5 27.f4 Qa2 28.Qxa2 
Nxa2 29.Ra1 Bxc4 30.fxe5 fxe5 31.Nf3 Bb3 32.Bg5 Rd1+ 33.Rxd1 Bxd1 34.Nxe5 
Bg7 35.Nd7 Kf7 36.e5 Bg4 37.Nxc5 Bxe5 38.Bd5+ Kg7 39.Nxb7 Nb4 40.Be4 Bf5 
41.Bf3 Bc8 42.Be3 Bxb7 43.Bxb7 a5 44.Bc5 Nd3 45.Ba3 Bd4+ 46.Kf1 Bc5 47.Ke2
Bxa3 48.Kxd3 Kf6 49.Ke4 h5 50.h4 Bd6 51.Kf3 a4 52.Bd5 Bb4 53.Ba2 a3 54.Bg8
Be1 55.Kf4 1/2-1/2

[Event "16th EUR-ch"]
[Site "Jerusalem ISR"]
[Date "2015.03.05"]
[Round "9"]
[White "Landa, Alex"]
[Black "Feldman, Antony"]
[Result "0-1"]
[WhiteElo "1905"]
[BlackElo "1807"]
[EventDate "2015.02.24"]
[PlyCount "54"]

1.d4 Nf6 2.c4 c5 3.d5 d6 4.Nc3 g6 5.g3 Bg7 6.Bg2 O-O 7.Nf3 Na6 8.O-O Nc7 
9.e4 e6 10.a4 exd5 11.cxd5 Na6 12.Nd2 Nb4 13.Nc4 Ne8 14.f4 b6 15.Re1 Ba6 
16.Bf1 Nc7 17.Be3 f5 18.e5 dxe5 19.d6 exf4 20.Bxf4 Ne8 21.Qb3 Kh8 22.Nb5 
Nd5 23.Bg2 Nxf4 24.gxf4 Rb8 25.Rad1 Bxb5 26.axb5 Bd4+ 27.Rxd4 cxd4 0-1

[Event "16th EUR-ch"]
[Site "Jerusalem ISR"]
[Date "2015.03.05"]
[Round "9"]
[White "Cohen, Itay"]
[Black "Gottfried, Jonathan"]
[Result "1-0"]
[WhiteElo "1871"]
[BlackElo "1653"]
[EventDate "2015.02.24"]
[PlyCount "113"]

1.e4 e5 2.Nf3 Nc6 3.Nc3 Nf6 4.d4 exd4 5.Nd5 Nxd5 6.exd5 Bb4+ 7.Bd2 Qe7+ 8.
Qe2 Bxd2+ 9.Kxd2 Qxe2+ 10.Bxe2 Ne7 11.Bc4 O-O 12.Nxd4 d6 13.Rhe1 Ng6 14.
Nb5 Bd7 15.Rad1 a6 16.Nd4 Rfe8 17.Bf1 Ne5 18.h3 Re7 19.Re3 Rae8 20.Rc3 Bc8
21.b4 Nd7 22.Rxc7 Re5 23.c4 Nf6 24.f3 Rd8 25.Bd3 Ne8 26.f4 Rh5 27.Re7 Kf8 
28.Re3 Nc7 29.Rde1 Re8 30.Rxe8+ Nxe8 31.Re3 Nc7 32.g4 Rh6 33.g5 Rxh3 34.
Bf5 Rh2+ 35.Re2 Rxe2+ 36.Kxe2 Bxf5 37.Nxf5 Ne8 38.Ke3 g6 39.Nd4 f5 40.Ne6+
Ke7 41.c5 dxc5 42.bxc5 a5 43.a4 Kd7 44.Nf8+ Ke7 45.Nxh7 Kf7 46.Kd4 Kg7 47.
Nf6 Nxf6 48.gxf6+ Kxf6 49.c6 bxc6 50.dxc6 Ke6 51.Kc5 g5 52.Kb6 gxf4 53.c7 
f3 54.c8=Q+ Ke5 55.Qc1 Ke4 56.Kxa5 f2 57.Qf1 1-0

[Event "16th EUR-ch"]
[Site "Jerusalem ISR"]
[Date "2015.03.05"]
[Round "9"]
[White "Vardi, Moshe"]
[Black "Iliaguev, Daniel"]
[Result "0-1"]
[WhiteElo "1850"]
[BlackElo "1813"]
[EventDate "2015.02.24"]
[PlyCount "57"]

1.e4 c5 2.Nf3 d6 3.d4 cxd4 4.Nxd4 Nf6 5.Nc3 g6 6.Be3 Bg7 7.Bd3 O-O 8.O-O 
Ng4 9.Qd2 Nxe3 10.fxe3 Nc6 11.Nxc6 bxc6 12.Kh1 Rb8 13.Nd1 Be6 14.c3 Qa5 
15.Be2 Qg5 16.Bf3 Be5 17.Qf2 Qh6 18.g3 f5 19.exf5 Bxf5 20.Qe2 Bxg3 21.Rg1 
Bd3 22.Rxg3 Bxe2 23.Bxe2 Rf6 24.e4 Qd2 25.e5 Rf4 26.Bf3 Rbf8 27.exd6 Rxf3 
28.Rxf3 Rxf3 29.dxe7 0-1

[Event "16th EUR-ch"]
[Site "Jerusalem ISR"]
[Date "2015.03.06"]
[Round "10"]
[White "Khismatullin, Denis"]
[Black "Eljanov, Pavel"]
[Result "1-0"]
[WhiteElo "2653"]
[BlackElo "2727"]
[EventDate "2015.02.24"]
[PlyCount "113"]

1.d4 Nf6 2.c4 e6 3.Nc3 Bb4 4.e3 O-O 5.Ne2 Re8 6.a3 Bf8 7.Ng3 d5 8.Be2 a6 
9.O-O c5 10.dxc5 Bxc5 11.cxd5 exd5 12.Bf3 Be6 13.b4 Bd6 14.Bb2 Be5 15.Na4 
Bxb2 16.Nxb2 Nc6 17.Nd3 Qb6 18.Rc1 a5 19.Rb1 axb4 20.axb4 Rad8 21.b5 Na5 
22.Ne2 Ne4 23.Ndf4 Nc4 24.Bxe4 dxe4 25.Nd4 Bc8 26.Rc1 Ne5 27.Qb3 Qh6 28.
Rc5 b6 29.Rd5 Bb7 30.Rxd8 Rxd8 31.Rd1 Qg5 32.Kf1 g6 33.h3 Nd3 34.Nc6 Bxc6 
35.bxc6 Qc5 36.Qa4 Kg7 37.Qa1+ Kg8 38.Qa4 Rd6 39.Qa8+ Kg7 40.Qa1+ Kh6 41.
Nxd3 exd3 42.Qh8 Qc2 43.Qf8+ Kg5 44.Kg1 Qxd1+ 45.Kh2 Rxc6 46.Qe7+ Kh6 47.
Qf8+ Kg5 48.Qxf7 Rf6 49.f4+ Kh6 50.Qxf6 Qe2 51.Qf8+ Kh5 52.Qg7 h6 53.Qe5+ 
Kh4 54.Qf6+ Kh5 55.f5 gxf5 56.Qxf5+ Kh4 57.Qg6 1-0

[Event "16th EUR-ch"]
[Site "Jerusalem ISR"]
[Date "2015.03.06"]
[Round "10"]
[White "Iljiushenok, Ilia"]
[Black "Sargissian, Gabriel"]
[Result "1/2-1/2"]
[WhiteElo "2450"]
[BlackElo "2668"]
[EventDate "2015.02.24"]
[PlyCount "54"]

1.e4 e5 2.Nf3 Nc6 3.d4 exd4 4.Nxd4 Bc5 5.Nb3 Bb6 6.Qe2 Nge7 7.Nc3 O-O 8.
Be3 d6 9.O-O-O Be6 10.g3 Qc8 11.h3 Re8 12.Bg2 Bxe3+ 13.Qxe3 a5 14.a4 Nb4 
15.Nd4 Nec6 16.Qd2 Nxd4 17.Qxd4 Bd7 18.b3 Bc6 19.Rhe1 Qe6 20.f4 Re7 21.Kb2
Rae8 22.g4 Qh6 23.Qf2 g5 24.e5 gxf4 25.Bxc6 bxc6 26.Ne4 Rxe5 27.g5 Qg7 
1/2-1/2

[Event "16th EUR-ch"]
[Site "Jerusalem ISR"]
[Date "2015.03.06"]
[Round "10"]
[White "Volokitin, Andrei"]
[Black "Motylev, Alexander"]
[Result "1/2-1/2"]
[WhiteElo "2646"]
[BlackElo "2665"]
[EventDate "2015.02.24"]
[PlyCount "41"]

1.e4 c6 2.d4 d5 3.e5 Bf5 4.Nf3 e6 5.Be2 Bg6 6.O-O Ne7 7.Nbd2 c5 8.dxc5 
Nec6 9.Nb3 Nd7 10.Be3 a6 11.c4 dxc4 12.Bxc4 Ndxe5 13.Nxe5 Nxe5 14.Qe2 Nxc4
15.Rad1 Qc8 16.Qxc4 Be7 17.Bf4 O-O 18.Bd6 Re8 19.Bxe7 Rxe7 20.Rd6 Qc7 21.
Rfd1 1/2-1/2

[Event "16th EUR-ch"]
[Site "Jerusalem ISR"]
[Date "2015.03.06"]
[Round "10"]
[White "Sutovsky, Emil"]
[Black "Matlakov, Maxim"]
[Result "0-1"]
[WhiteElo "2626"]
[BlackElo "2695"]
[EventDate "2015.02.24"]
[PlyCount "84"]

1.e4 e5 2.Nf3 Nc6 3.Bb5 a6 4.Ba4 Nf6 5.O-O Be7 6.Re1 b5 7.Bb3 d6 8.c3 O-O 
9.d4 Bg4 10.Be3 Bh5 11.a4 b4 12.Nbd2 bxc3 13.bxc3 exd4 14.Bxd4 Na5 15.Ba2 
Nd7 16.e5 c5 17.exd6 Bxd6 18.Be3 Qc7 19.h3 Ne5 20.Bb1 f5 21.g4 Bg6 22.Nxe5
Bxe5 23.gxf5 Bxf5 24.Bxf5 Rxf5 25.Ne4 Qf7 26.Ng5 Rxg5+ 27.Bxg5 Bxc3 28.Re7
Qf5 29.h4 Rf8 30.Ra2 Bd4 31.Qe1 h6 32.Bc1 Qg4+ 33.Kf1 Qxh4 34.Qe6+ Kh8 35.
Be3 Bxe3 36.Qxe3 Nc6 37.Re4 Qh1+ 38.Ke2 Nd4+ 39.Kd2 Qb1 40.Ra3 Qb2+ 41.Kd1
Nc2 42.Qd2 Qb1+ 0-1

[Event "16th EUR-ch"]
[Site "Jerusalem ISR"]
[Date "2015.03.06"]
[Round "10"]
[White "Romanov, Evgeny"]
[Black "Moiseenko, Alexander"]
[Result "1/2-1/2"]
[WhiteElo "2625"]
[BlackElo "2695"]
[EventDate "2015.02.24"]
[PlyCount "87"]

1.d4 Nf6 2.c4 e6 3.Nf3 Bb4+ 4.Bd2 Qe7 5.g3 Bxd2+ 6.Nfxd2 d6 7.Bg2 e5 8.d5 
h5 9.h4 e4 10.Qb3 O-O 11.Qe3 Bf5 12.Qf4 Bg6 13.Nc3 Re8 14.Nf1 Nbd7 15.Ne3 
Ne5 16.Bh3 Bh7 17.Qg5 a6 18.O-O Qf8 19.Rac1 Ng6 20.Ng2 Re5 21.Qd2 Ne7 22.
Ne3 Nf5 23.Ncd1 Rae8 24.b4 Kh8 25.Bxf5 Bxf5 26.Nxf5 Rxf5 27.Ne3 Rfe5 28.
Rc3 g5 29.Ng2 Qg7 30.Qd4 b5 31.hxg5 Rxg5 32.f4 exf3 33.Rcxf3 Ne4 34.Qxg7+ 
Rxg7 35.cxb5 axb5 36.Rxf7 Nxg3 37.Rf8+ Rg8 38.Rxe8 Rxe8 39.Rf7 Rxe2 40.
Rxc7 Rxa2 41.Rb7 Nf5 42.Nf4 h4 43.Rxb5 Kg7 44.Rb8 1/2-1/2

[Event "16th EUR-ch"]
[Site "Jerusalem ISR"]
[Date "2015.03.06"]
[Round "10"]
[White "Cheparinov, Ivan"]
[Black "Bukavshin, Ivan"]
[Result "1-0"]
[WhiteElo "2681"]
[BlackElo "2622"]
[EventDate "2015.02.24"]
[PlyCount "147"]

1.d4 Nf6 2.c4 e6 3.Nf3 d5 4.g3 Bb4+ 5.Bd2 Be7 6.Bg2 O-O 7.O-O c6 8.Qc2 
Nbd7 9.Rd1 b6 10.Bf4 Ba6 11.cxd5 cxd5 12.Ne5 Nxe5 13.dxe5 Ng4 14.h3 Rc8 
15.Nc3 Nxf2 16.Kxf2 Bc5+ 17.Be3 Bxe3+ 18.Kxe3 b5 19.Qd3 Qb6+ 20.Qd4 Qb8 
21.Kf2 b4 22.Nb1 f6 23.Qe3 fxe5+ 24.Kg1 e4 25.Nd2 Rc2 26.Rab1 Qe5 27.Rdc1 
Rfc8 28.Nb3 Rxc1+ 29.Rxc1 Rxc1+ 30.Qxc1 Bxe2 31.Qc8+ Kf7 32.Qd7+ Kg6 33.
Nc5 Qd4+ 34.Kh2 Qxc5 35.Qxe6+ Kh5 36.g4+ Kh4 37.Qe5 Bxg4 38.hxg4 Kxg4 39.
Qxg7+ Kf4 40.Qg3+ Kf5 41.Bh3+ Kf6 42.Qf4+ Ke7 43.Qe5+ Kd8 44.Bg2 Qc7 45.
Qxc7+ Kxc7 46.Kg3 Kd6 47.Kf4 Kc5 48.Ke3 b3 49.a3 h5 50.Bf1 h4 51.Bh3 Kc4 
52.Bg2 Kc5 53.Bf1 a5 54.Bh3 Kc4 55.Bg2 Kc5 56.Bf1 Kd6 57.Kd4 Ke6 58.Bh3+ 
Kf6 59.Bc8 Kg5 60.Be6 Kf4 61.Bxd5 e3 62.Kd3 h3 63.Bc6 a4 64.Ke2 h2 65.Bh1 
Kg3 66.Kxe3 Kg4 67.Bc6 Kg3 68.Bf3 Kh4 69.Kf4 Kh3 70.Bh1 Kh4 71.Bg2 Kh5 72.
Kg3 Kg5 73.Kxh2 Kf4 74.Bc6 1-0

[Event "16th EUR-ch"]
[Site "Jerusalem ISR"]
[Date "2015.03.06"]
[Round "10"]
[White "Grachev, Boris"]
[Black "Zubov, Alexander"]
[Result "1/2-1/2"]
[WhiteElo "2670"]
[BlackElo "2607"]
[EventDate "2015.02.24"]
[PlyCount "105"]

1.c4 e6 2.Nc3 d5 3.d4 Nf6 4.cxd5 exd5 5.Bg5 c6 6.Qc2 Be7 7.e3 Nbd7 8.Bd3 
Nh5 9.Bxe7 Qxe7 10.Nge2 g6 11.O-O O-O 12.Rae1 Ndf6 13.Nc1 b6 14.f3 c5 15.
Qf2 Bb7 16.Rd1 cxd4 17.exd4 Nf4 18.Rfe1 Qd8 19.Bf1 Re8 20.Rxe8+ Nxe8 21.
Nd3 Nxd3 22.Bxd3 Qf6 23.Re1 Nc7 24.g3 Re8 25.Rxe8+ Nxe8 26.Qe3 Nc7 27.Kf2 
Qd8 28.h4 Bc6 29.a3 Be8 30.f4 Kg7 31.f5 f6 32.Qf4 Bf7 33.Nd1 Ne8 34.fxg6 
Bxg6 35.Bxg6 hxg6 36.Ne3 Kf7 37.Qf3 Nc7 38.h5 gxh5 39.Qxh5+ Ke6 40.Qh7 Qd7
41.Qg8+ Ke7 42.g4 Qe6 43.Qb8 Kd7 44.Qxa7 Qd6 45.Kf3 Qc6 46.a4 Qe6 47.Ke2 
Qd6 48.Kd3 Qe6 49.Ke2 Qd6 50.Kd3 Qe6 51.Kd2 Qd6 52.Kd3 Qe6 53.Ke2 1/2-1/2

[Event "16th EUR-ch"]
[Site "Jerusalem ISR"]
[Date "2015.03.06"]
[Round "10"]
[White "Shimanov, Aleksandr"]
[Black "Laznicka, Viktor"]
[Result "0-1"]
[WhiteElo "2594"]
[BlackElo "2670"]
[EventDate "2015.02.24"]
[PlyCount "90"]

1.d4 d5 2.Bf4 Nf6 3.e3 c5 4.c3 Nc6 5.Nd2 e6 6.Ngf3 Bd6 7.Bg3 Qe7 8.dxc5 
Bxg3 9.hxg3 Qxc5 10.Bd3 Bd7 11.Qe2 h6 12.a4 Rd8 13.Nd4 e5 14.N4b3 Qe7 15.
f3 O-O 16.g4 Rfe8 17.e4 Be6 18.exd5 Bxd5 19.O-O-O e4 20.Bc2 e3 21.Nb1 Qc7 
22.Na3 a6 23.Nd4 Ne5 24.Nf5 Bc4 25.Nxc4 Rxd1+ 26.Rxd1 Nxc4 27.Rd4 b5 28.
Bb3 Na5 29.Bc2 Nc4 30.Bb3 Qh2 31.Bxc4 bxc4 32.Kc2 Re6 33.Rxc4 Nd5 34.Re4 
Qg1 35.g3 g6 36.Nd4 Rb6 37.Re5 Qa1 38.Kd3 Rxb2 39.Nc2 Qa2 40.Re4 Qb3 41.
Rc4 a5 42.Nd4 Rd2+ 43.Ke4 Qb1+ 44.Kxd5 Rxe2 45.Nxe2 Qd1+ 0-1

[Event "16th EUR-ch"]
[Site "Jerusalem ISR"]
[Date "2015.03.06"]
[Round "10"]
[White "Ipatov, Alexander"]
[Black "Kuzubov, Yuriy"]
[Result "1/2-1/2"]
[WhiteElo "2592"]
[BlackElo "2667"]
[EventDate "2015.02.24"]
[PlyCount "35"]

1.d4 f5 2.g3 Nf6 3.Bg2 g6 4.Nf3 Bg7 5.O-O O-O 6.c4 d6 7.Nc3 c6 8.Re1 Ne4 
9.Qc2 Nxc3 10.bxc3 e5 11.dxe5 dxe5 12.Ba3 Re8 13.Rad1 Qa5 14.Bb4 Qb6 15.e4
Na6 16.Bd6 Nc5 17.Nd2 Bf8 18.Nb3 1/2-1/2

[Event "16th EUR-ch"]
[Site "Jerusalem ISR"]
[Date "2015.03.06"]
[Round "10"]
[White "Vovk, Yuri"]
[Black "Howell, David"]
[Result "1-0"]
[WhiteElo "2588"]
[BlackElo "2663"]
[EventDate "2015.02.24"]
[PlyCount "127"]

1.d4 d5 2.c4 c6 3.Nf3 Nf6 4.Nc3 dxc4 5.a4 e6 6.e3 c5 7.Bxc4 Nc6 8.O-O cxd4
9.Nxd4 Bd7 10.Qe2 Be7 11.Rd1 Qb8 12.e4 O-O 13.Nf3 Rd8 14.e5 Ne8 15.Bf4 Nb4
16.Ng5 Bc6 17.Nxf7 Rxd1+ 18.Rxd1 Nc7 19.Nd6 Kh8 20.Qg4 Qg8 21.h4 h6 22.Bg3
Rf8 23.Bb3 a5 24.Ne2 g5 25.hxg5 Qxg5 26.Qxg5 hxg5 27.Nd4 Rb8 28.Nxe6 Nxe6 
29.Bxe6 Bxa4 30.Ra1 Bc6 31.Rxa5 Nd3 32.b3 Nf4 33.Bxf4 gxf4 34.b4 Kg7 35.
Nf5+ Kf8 36.Nxe7 Kxe7 37.Bd5 Bxd5 38.Rxd5 Ke6 39.Rb5 b6 40.f3 Kd7 41.Rd5+ 
Ke6 42.Rd6+ Kxe5 43.Rc6 Kd5 44.b5 Ke5 45.Kf2 Rb7 46.g3 fxg3+ 47.Kxg3 Rb8 
48.Rg6 Kd5 49.f4 Kc5 50.Rg5+ Kd6 51.Re5 Rg8+ 52.Kf3 Rg1 53.Ke4 Re1+ 54.Kf5
Rb1 55.Kf6 Rf1 56.f5 Rb1 57.Re6+ Kc5 58.Ke7 Ra1 59.Re5+ Kd4 60.Ke6 Ra8 61.
Rd5+ Kc4 62.f6 Re8+ 63.Kd7 Rf8 64.Rf5 1-0

[Event "16th EUR-ch"]
[Site "Jerusalem ISR"]
[Date "2015.03.06"]
[Round "10"]
[White "Brkic, Ante"]
[Black "Akopian, Vladimir"]
[Result "1/2-1/2"]
[WhiteElo "2586"]
[BlackElo "2660"]
[EventDate "2015.02.24"]
[PlyCount "77"]

1.e4 e5 2.Nf3 Nc6 3.Bc4 Bc5 4.O-O Nf6 5.d3 d6 6.c3 a6 7.Re1 h6 8.Nbd2 O-O 
9.h3 Be6 10.Bxe6 fxe6 11.Nf1 Bb6 12.Be3 Bxe3 13.Rxe3 Qe8 14.d4 exd4 15.
Nxd4 e5 16.Nxc6 Qxc6 17.Qe2 Rf7 18.Ng3 Raf8 19.Rf3 g6 20.Re1 h5 21.Qe3 Kh7
22.Nf1 Kg7 23.Qd3 Nd7 24.Rxf7+ Rxf7 25.Re3 Nc5 26.Qe2 Ne6 27.g3 Ng5 28.Kg2
d5 29.exd5 Qxd5+ 30.f3 e4 31.fxe4 Qxa2 32.h4 Ne6 33.Nh2 Rd7 34.Nf3 Rd6 35.
Ne5 Rb6 36.Nc4 Rc6 37.Ne5 Rb6 38.Nc4 Rc6 39.Ne5 1/2-1/2

[Event "16th EUR-ch"]
[Site "Jerusalem ISR"]
[Date "2015.03.06"]
[Round "10"]
[White "Smirin, Ilia"]
[Black "Stefansson, Hannes"]
[Result "1/2-1/2"]
[WhiteElo "2650"]
[BlackElo "2573"]
[EventDate "2015.02.24"]
[PlyCount "50"]

1.e4 e5 2.Nf3 Nc6 3.Bb5 a6 4.Ba4 Nf6 5.O-O Be7 6.Qe2 b5 7.Bb3 O-O 8.c3 d5 
9.d3 Bb7 10.Nbd2 Re8 11.Rd1 Bf8 12.Nf1 Na5 13.Bc2 c5 14.Bg5 Qb6 15.Ne3 d4 
16.Nf5 h6 17.Bd2 dxc3 18.bxc3 c4 19.Be3 cxd3 20.Bxd3 Qc6 21.Nd2 Qxc3 22.
Rdc1 Qa3 23.Nb1 Qa4 24.Nc3 Qa3 25.Nb1 Qa4 1/2-1/2

[Event "16th EUR-ch"]
[Site "Jerusalem ISR"]
[Date "2015.03.06"]
[Round "10"]
[White "Khairullin, Ildar"]
[Black "Kravtsiv, Martyn"]
[Result "1/2-1/2"]
[WhiteElo "2629"]
[BlackElo "2565"]
[EventDate "2015.02.24"]
[PlyCount "46"]

1.d4 Nf6 2.c4 e6 3.Nc3 Bb4 4.f3 O-O 5.a3 Bxc3+ 6.bxc3 c5 7.e4 d6 8.Bd3 Nc6
9.Ne2 Ne8 10.O-O b6 11.f4 Ba6 12.f5 exf5 13.exf5 h6 14.f6 Nxf6 15.Ng3 cxd4
16.Nf5 Ne5 17.cxd4 Ng6 18.Qf3 d5 19.Nxh6+ gxh6 20.Qxf6 Qxf6 21.Rxf6 Kg7 
22.Rc6 Rac8 23.Rxc8 Rxc8 1/2-1/2

[Event "16th EUR-ch"]
[Site "Jerusalem ISR"]
[Date "2015.03.06"]
[Round "10"]
[White "Svetushkin, Dmitry"]
[Black "Vitiugov, Nikita"]
[Result "1/2-1/2"]
[WhiteElo "2592"]
[BlackElo "2735"]
[EventDate "2015.02.24"]
[PlyCount "86"]

1.e4 c5 2.Nf3 e6 3.d4 cxd4 4.Nxd4 Nc6 5.Nc3 a6 6.Nxc6 bxc6 7.Bd3 d5 8.O-O 
Nf6 9.Qe2 Bb7 10.Bf4 Be7 11.Rad1 O-O 12.Na4 Nd7 13.c4 Nb6 14.Nxb6 Qxb6 15.
h4 Rfe8 16.h5 e5 17.Bg3 Bc5 18.Qf3 Bd4 19.h6 c5 20.exd5 Qxh6 21.Rfe1 g6 
22.Bc2 f5 23.Ba4 Re7 24.Rxd4 cxd4 25.Bxe5 Qd2 26.Qe2 Qxe2 27.Rxe2 f4 28.d6
d3 29.dxe7 dxe2 30.Bc3 Kf7 31.e8=Q+ Rxe8 32.Bxe8+ Kxe8 33.f3 Kf7 34.Kf2 g5
35.Kxe2 h5 36.b4 Bc6 37.Be1 h4 38.Bf2 Ke6 39.Kd3 Ke5 40.a3 Bd7 41.Bd4+ Kf5
42.Bf2 Ke5 43.Bd4+ Kf5 1/2-1/2

[Event "16th EUR-ch"]
[Site "Jerusalem ISR"]
[Date "2015.03.06"]
[Round "10"]
[White "Parligras, Mircea-Emilian"]
[Black "Kryvoruchko, Yuriy"]
[Result "0-1"]
[WhiteElo "2583"]
[BlackElo "2692"]
[EventDate "2015.02.24"]
[PlyCount "100"]

1.d4 d6 2.e4 Nf6 3.Nc3 g6 4.Nf3 Bg7 5.Be2 O-O 6.O-O a6 7.Re1 Nc6 8.d5 Ne5 
9.Bf4 Nxf3+ 10.Bxf3 e5 11.dxe6 fxe6 12.e5 Nd7 13.Bg3 Nxe5 14.Be2 Nc6 15.h4
Nd4 16.h5 Nxe2+ 17.Qxe2 Qg5 18.hxg6 Qxg6 19.Rad1 b5 20.Rd3 b4 21.Nd1 a5 
22.Rf3 Rxf3 23.Qxf3 Rb8 24.Qc6 Qf7 25.Qa4 Ra8 26.Qc6 Ra6 27.Qb5 Qd7 28.Qg5
h6 29.Qh4 e5 30.f4 Qg4 31.Qd8+ Kh7 32.Bh2 Rc6 33.fxe5 Rxc2 34.Nf2 Qf5 35.
Bg3 dxe5 36.Qd5 a4 37.Qa5 c5 38.Qxa4 Rxb2 39.Qa7 e4 40.Nxe4 Be6 41.Bh4 Kg6
42.Kh1 Rxg2 43.Kxg2 Qh3+ 44.Kg1 Qxh4 45.Re2 Bd4+ 46.Nf2 Qg5+ 47.Kf1 Qc1+ 
48.Kg2 Bd5+ 49.Kh2 Qf4+ 50.Kg1 Bxf2+ 0-1

[Event "16th EUR-ch"]
[Site "Jerusalem ISR"]
[Date "2015.03.06"]
[Round "10"]
[White "Alekseev, Evgeny"]
[Black "Marin, Mihail"]
[Result "1-0"]
[WhiteElo "2677"]
[BlackElo "2603"]
[EventDate "2015.02.24"]
[PlyCount "97"]

1.e4 e6 2.d4 d5 3.Nc3 Bb4 4.e5 b6 5.a3 Bf8 6.Nf3 Ne7 7.Bd3 Ba6 8.Nb5 Nc8 
9.O-O Qd7 10.Nc3 Bxd3 11.Qxd3 c5 12.Ne2 c4 13.Qd1 b5 14.Ng3 h6 15.Nh5 Nc6 
16.Be3 Nb6 17.Qe2 O-O-O 18.b3 Kb8 19.Rfb1 Ka8 20.Nd2 Na5 21.Qe1 Qc6 22.Nf3
Nb7 23.Bd2 Rb8 24.Bb4 g6 25.Nf6 Bg7 26.a4 bxa4 27.bxa4 Bxf6 28.exf6 Nd7 
29.Be7 Nd6 30.Qa5 Ne4 31.Rb5 Rhc8 32.Rab1 Rxb5 33.axb5 Qb6 34.Qa3 c3 35.
Ra1 g5 36.h3 h5 37.g4 hxg4 38.hxg4 e5 39.Qa6 Qxa6 40.Rxa6 Nd2 41.Nxe5 Nxe5
42.dxe5 Nf3+ 43.Kf1 Nxe5 44.Rd6 Nxg4 45.Rxd5 Rc4 46.Rxg5 Kb7 47.Kg2 Kb6 
48.Kg3 Nh6 49.Bf8 1-0

[Event "16th EUR-ch"]
[Site "Jerusalem ISR"]
[Date "2015.03.06"]
[Round "10"]
[White "Saric, Ivan"]
[Black "Iordachescu, Viorel"]
[Result "1/2-1/2"]
[WhiteElo "2661"]
[BlackElo "2590"]
[EventDate "2015.02.24"]
[PlyCount "111"]

1.e4 d5 2.exd5 Qxd5 3.Nc3 Qd6 4.d4 Nf6 5.Nf3 g6 6.h3 c6 7.Ne5 Bg7 8.Bf4 
Nd5 9.Nxd5 Qxd5 10.f3 Qa5+ 11.c3 Be6 12.Nc4 Qd8 13.h4 Nd7 14.h5 b5 15.Nd2 
Bd5 16.Qe2 Nb6 17.Be5 Bxe5 18.Qxe5 f6 19.Qe3 Kf7 20.b3 Qd6 21.Kf2 e5 22.
Re1 Nd7 23.hxg6+ hxg6 24.Rxh8 Rxh8 25.dxe5 Nxe5 26.Qxa7+ Kf8 27.Qd4 Qe7 
28.a4 bxa4 29.bxa4 g5 30.Ne4 g4 31.Qb4 gxf3 32.gxf3 Qxb4 33.cxb4 Nxf3 34.
Kxf3 f5 35.Ke3 Bxe4 36.Kd4 Ke7 37.Kc5 Kd7 38.Bc4 Kc7 39.Rg1 Rh7 40.a5 f4 
41.Rg4 Rh5+ 42.Kd4 Bd5 43.Rxf4 Bxc4 44.Kxc4 Rb5 45.Rf7+ Kb8 46.Rf6 Kc7 47.
Rf7+ Kb8 48.Rg7 Kc8 49.Rg8+ Kb7 50.Rf8 Ka7 51.Rf6 Kb7 52.a6+ Kb6 53.a7 
Kxa7 54.Rxc6 Rh5 55.Rc5 Rh6 56.Kb5 1/2-1/2